<?xml version="1.0" encoding="UTF-8"?><?xml-stylesheet type="text/xsl" href="static/style.xsl"?><OAI-PMH xmlns="http://www.openarchives.org/OAI/2.0/" xmlns:xsi="http://www.w3.org/2001/XMLSchema-instance" xsi:schemaLocation="http://www.openarchives.org/OAI/2.0/ http://www.openarchives.org/OAI/2.0/OAI-PMH.xsd"><responseDate>2026-04-16T22:28:36Z</responseDate><request verb="GetRecord" identifier="oai:www.recercat.cat:2117/358842" metadataPrefix="marc">https://recercat.cat/oai/request</request><GetRecord><record><header><identifier>oai:recercat.cat:2117/358842</identifier><datestamp>2025-07-22T15:56:30Z</datestamp><setSpec>com_2072_1033</setSpec><setSpec>col_2072_452951</setSpec></header><metadata><record xmlns="http://www.loc.gov/MARC21/slim" xmlns:dcterms="http://purl.org/dc/terms/" xmlns:xsi="http://www.w3.org/2001/XMLSchema-instance" xmlns:doc="http://www.lyncode.com/xoai" xsi:schemaLocation="http://www.loc.gov/MARC21/slim http://www.loc.gov/standards/marcxml/schema/MARC21slim.xsd">
   <leader>00925njm 22002777a 4500</leader>
   <datafield ind2=" " ind1=" " tag="042">
      <subfield code="a">dc</subfield>
   </datafield>
   <datafield ind2=" " ind1=" " tag="720">
      <subfield code="a">Gangolells Alseda, Berenguer</subfield>
      <subfield code="e">author</subfield>
   </datafield>
   <datafield ind2=" " ind1=" " tag="260">
      <subfield code="c">2008-11-01</subfield>
   </datafield>
   <datafield ind2=" " ind1=" " tag="520">
      <subfield code="a">És objecte del projecte la definició de totes les unitats d’obra precises per a la total urbanització del pla parcial del sector de la SUD 19 a Lleida; és a dir de les demolicions de tot l’àmbit del projecte, el moviment de terres, inclosos els sanejaments, i la vialitat, els serveis de clavegueram, distribució d’aigua potable, subministrament d’energia elèctrica, subministrament de gas, xarxes de telecomunicacions, enllumenat públic, pavimentació, mobiliari urbà, arbrat, reg i jardineria. Tot això amb coherència amb les indicacions i prescripcions dels diferents actors implicats en el projecte. L'objecte i contingut de les obres d'urbanització s'ajusta a les obligacions que determina el Text Refós de la Llei d’Urbanisme segons el decret Legislatiu 1/2005, de 26 de Juliol i el Decret 305/2006, de 18 de Juliol, pel qual s’aprova el Reglament de la llei d’urbanisme.</subfield>
   </datafield>
   <datafield tag="653" ind2=" " ind1=" ">
      <subfield code="a">Àrees temàtiques de la UPC::Urbanisme::Projecte urbà</subfield>
   </datafield>
   <datafield tag="653" ind2=" " ind1=" ">
      <subfield code="a">Municipal engineering</subfield>
   </datafield>
   <datafield tag="653" ind2=" " ind1=" ">
      <subfield code="a">City planning</subfield>
   </datafield>
   <datafield tag="653" ind2=" " ind1=" ">
      <subfield code="a">Enginyeria urbana</subfield>
   </datafield>
   <datafield tag="653" ind2=" " ind1=" ">
      <subfield code="a">Urbanisme</subfield>
   </datafield>
   <datafield ind2="0" ind1="0" tag="245">
      <subfield code="a">Projecte d'urbanització del sector SUR-19 a Lleida</subfield>
   </datafield>
</record></metadata></record></GetRecord></OAI-PMH>